<?xml version='1.0' encoding='UTF-8'?>
  <record xmlns="http://www.loc.gov/MARC21/slim">
    <leader>00000cam a22000007i 4500</leader>
    <controlfield tag="001">ocm57464698</controlfield>
    <controlfield tag="003">OCoLC</controlfield>
    <controlfield tag="005">20250815103013.5</controlfield>
    <controlfield tag="008">041028s1555    sz            100 0 lat d</controlfield>
    <datafield tag="040" ind1=" " ind2=" ">
      <subfield code="a">CUD</subfield>
      <subfield code="b">eng</subfield>
      <subfield code="e">rda</subfield>
      <subfield code="e">dcrmr</subfield>
      <subfield code="c">CUD</subfield>
      <subfield code="d">OCLCQ</subfield>
      <subfield code="d">GZM</subfield>
      <subfield code="d">OCLCA</subfield>
      <subfield code="d">OCLCQ</subfield>
      <subfield code="d">HHG</subfield>
      <subfield code="d">OCLCO</subfield>
      <subfield code="d">OCLCF</subfield>
      <subfield code="d">OCLCA</subfield>
      <subfield code="d">OCLCO</subfield>
      <subfield code="d">QGJ</subfield>
      <subfield code="d">OCLCO</subfield>
      <subfield code="d">OCLCL</subfield>
      <subfield code="d">QGJ</subfield>
    </datafield>
    <datafield tag="035" ind1=" " ind2=" ">
      <subfield code="a">(OCoLC)57464698</subfield>
    </datafield>
    <datafield tag="245" ind1="0" ind2="0">
      <subfield code="a">Scripta qu[a]edam Papae et monarcharum, de concilio Tridentino, ad cognoscendam ueritatem admodum lectu utilia, nunc primùm in publicum edita. :</subfield>
      <subfield code="c">cum praefatione Mathiae Flacij Illyrici.</subfield>
    </datafield>
    <datafield tag="246" ind1="3" ind2=" ">
      <subfield code="a">Scripta que̜dam Papae et Monarcharum, de concilio Tridentino</subfield>
    </datafield>
    <datafield tag="264" ind1=" " ind2="1">
      <subfield code="a">Basileae :</subfield>
      <subfield code="b">[Joannes Oporinus],</subfield>
      <subfield code="c">[1555]</subfield>
    </datafield>
    <datafield tag="300" ind1=" " ind2=" ">
      <subfield code="a">152 pages ;</subfield>
      <subfield code="c">16 cm (8vo)</subfield>
    </datafield>
    <datafield tag="336" ind1=" " ind2=" ">
      <subfield code="a">text</subfield>
      <subfield code="b">txt</subfield>
      <subfield code="2">rdacontent</subfield>
    </datafield>
    <datafield tag="337" ind1=" " ind2=" ">
      <subfield code="a">unmediated</subfield>
      <subfield code="b">n</subfield>
      <subfield code="2">rdamedia</subfield>
    </datafield>
    <datafield tag="338" ind1=" " ind2=" ">
      <subfield code="a">volume</subfield>
      <subfield code="b">nc</subfield>
      <subfield code="2">rdacarrier</subfield>
    </datafield>
    <datafield tag="340" ind1=" " ind2=" ">
      <subfield code="m">8vo</subfield>
      <subfield code="2">rdabf</subfield>
    </datafield>
    <datafield tag="500" ind1=" " ind2=" ">
      <subfield code="a">Initials and printed marginal notes.</subfield>
    </datafield>
    <datafield tag="500" ind1=" " ind2=" ">
      <subfield code="a">Printer's name and date of publication from VD 16.</subfield>
    </datafield>
    <datafield tag="500" ind1=" " ind2=" ">
      <subfield code="a">On title page: hinc uerò abunde cognosces Lector, quantum intersit ecclesi[a]e Dei, publicè extare ac sciri Papistarum pessimas artes, quibus impia Conciliabula sua pro Christianis ac liberis obtrudere conantur : simulq[ue] belli co[n]tra Electorem Saxoniae &amp; Magdeburgenses superioribus annis gesti causas deprehendes.</subfield>
    </datafield>
    <datafield tag="500" ind1=" " ind2=" ">
      <subfield code="a">Contains a.o.: Epistola ecclesiasticorum imperii Statuum, ad sanctissimum patrem Paulum III. ex conuentu Augustano, anno 47. scripta.</subfield>
    </datafield>
    <datafield tag="500" ind1=" " ind2=" ">
      <subfield code="a">Signatures: a-i⁸ k⁴.</subfield>
    </datafield>
    <datafield tag="510" ind1="4" ind2=" ">
      <subfield code="a">Verzeichnis der im deutschen Sprachbereich erschienenen Drucke des 16. Jahrhunderts (VD 16),</subfield>
      <subfield code="c">F 1495</subfield>
      <subfield code="u">https://gateway-bayern.de/VD16+F+1495</subfield>
    </datafield>
    <datafield tag="611" ind1="2" ind2="0">
      <subfield code="a">Council of Trent</subfield>
      <subfield code="d">(1545-1563 :</subfield>
      <subfield code="c">Trento, Italy)</subfield>
    </datafield>
    <datafield tag="610" ind1="2" ind2="0">
      <subfield code="a">Catholic Church</subfield>
      <subfield code="v">Controversial literature</subfield>
      <subfield code="v">Early works to 1800.</subfield>
    </datafield>
    <datafield tag="610" ind1="2" ind2="6">
      <subfield code="a">Église catholique</subfield>
      <subfield code="v">Ouvrages de controverse</subfield>
      <subfield code="v">Ouvrages avant 1800.</subfield>
    </datafield>
    <datafield tag="610" ind1="2" ind2="7">
      <subfield code="a">Catholic Church</subfield>
      <subfield code="2">fast</subfield>
    </datafield>
    <datafield tag="611" ind1="2" ind2="7">
      <subfield code="a">Council of Trent</subfield>
      <subfield code="2">fast</subfield>
    </datafield>
    <datafield tag="655" ind1=" " ind2="7">
      <subfield code="a">Controversial literature</subfield>
      <subfield code="2">fast</subfield>
    </datafield>
    <datafield tag="655" ind1=" " ind2="7">
      <subfield code="a">Early works</subfield>
      <subfield code="2">fast</subfield>
    </datafield>
    <datafield tag="700" ind1="1" ind2=" ">
      <subfield code="a">Flacius Illyricus, Matthias,</subfield>
      <subfield code="d">1520-1575,</subfield>
      <subfield code="e">author of introduction, etc.</subfield>
      <subfield code="4">aui</subfield>
      <subfield code="1">https://id.oclc.org/worldcat/entity/E39PBJpPwYQQxmhhtQH7DFqYT3</subfield>
    </datafield>
    <datafield tag="700" ind1="1" ind2=" ">
      <subfield code="a">Oporinus, Joannes,</subfield>
      <subfield code="d">1507-1568,</subfield>
      <subfield code="e">printer.</subfield>
      <subfield code="4">prt</subfield>
      <subfield code="1">https://id.oclc.org/worldcat/entity/E39PBJjMFW8PFDM7bqhQkh3xXd</subfield>
    </datafield>
    <datafield tag="700" ind1="0" ind2=" ">
      <subfield code="a">Paul</subfield>
      <subfield code="b">III,</subfield>
      <subfield code="c">Pope,</subfield>
      <subfield code="d">1468-1549,</subfield>
      <subfield code="e">other.</subfield>
      <subfield code="4">oth</subfield>
      <subfield code="1">https://id.oclc.org/worldcat/entity/E39PBJw8VFTwqxT849bRjt9JjC</subfield>
    </datafield>
    <datafield tag="752" ind1=" " ind2=" ">
      <subfield code="a">Switzerland</subfield>
      <subfield code="d">Basel,</subfield>
      <subfield code="e">publication place</subfield>
      <subfield code="4">pup</subfield>
    </datafield>
    <datafield tag="758" ind1=" " ind2=" ">
      <subfield code="i">has work:</subfield>
      <subfield code="a">Scripta qu[a]edam papae et monarcharum, de concilio Tridentino, ad cognoscendam ueritatem admodum lectu utilia, nunc primùm in publicum edita (Text)</subfield>
      <subfield code="1">https://id.oclc.org/worldcat/entity/E39PCFxkm7xRBCpJqvKCr8jgrq</subfield>
      <subfield code="4">https://id.oclc.org/worldcat/ontology/hasWork</subfield>
    </datafield>
  </record>